Party coalitions in Nigeria history, trends and prospects

Guardat en:
Dades bibliogràfiques
Autor principal: AKINOLA, Anthony A
Format: Llibre
Idioma:anglès
Publicat: Safari Books , 2014
Etiquetes: Afegir etiqueta
Sense etiquetes, Sigues el primer a etiquetar aquest registre!

MARC

LEADER 00000nam a22000007a 4500
008 201218b ||||| |||| 00| 0 eng d
020 |a : 978-978-8431-61-9 
100 |a AKINOLA, Anthony A 
245 |a Party coalitions in Nigeria  |b history, trends and prospects  |c Anthony A. Akinola 
260 |b  Safari Books  |c , 2014  |d Books  |h Ibadan,   |i 689361  |l JQ3099 .A45Ak5  |m Political parties – Nigeria.   |m Nigeria – Politics and governments. 
942 |a lcc  |c BK  |e Adekanye I. H.  |f 18/12/2020 
952 |0 0  |1 0  |2 lcc  |4 0  |6 JQ3099 A45 A K5  |7 0  |9 824  |a HOL  |b HOL  |c GJ  |d 2020-12-18  |l 0  |o JQ3099 .A45Ak5  |p 2020-230039  |r 2020-12-18 00:00:00  |w 2020-12-18  |y BK 
999 |c 459  |d 459